Fruits :Tropical and Subteopical Vol-1 (Record no. 37)

MARC details
000 -LEADER
fixed length control field 00375nam a22001577a 4500
020 ## - INTERNATIONAL STANDARD BOOK NUMBER
International Standard Book Number 81-85971-81-1
041 ## - LANGUAGE CODE
Language code of text/sound track or separate title ENG
100 ## - MAIN ENTRY--PERSONAL NAME
Personal name T.K.Bose
245 ## - TITLE STATEMENT
Title Fruits :Tropical and Subteopical Vol-1
250 ## - EDITION STATEMENT
Edition statement 3 Edition
260 ## - PUBLICATION, DISTRIBUTION, ETC. (IMPRINT)
Place of publication, distribution, etc Calcutta
Name of publisher, distributor, etc Partha Sankar Basu
Date of publication, distribution, etc 2001
300 ## - PHYSICAL DESCRIPTION
Extent 721
650 ## - SUBJECT ADDED ENTRY--TOPICAL TERM
Topical term or geographic name as entry element Horti
700 ## - ADDED ENTRY--PERSONAL NAME
Personal name S.K Mitra ,Parthasarathy.V.A
856 ## - ELECTRONIC LOCATION AND ACCESS
Uniform Resource Identifier Agricultural
Holdings
Withdrawn status Lost status Source of classification or shelving scheme Damaged status Not for loan Home library Current library Shelving location Date acquired Cost, normal purchase price Total Checkouts Barcode Date last seen Date checked out Price effective from Koha item type
    Dewey Decimal Classification     College of Agricultural Engineering and Technology, Dapoli , Library College of Agricultural Engineering and Technology, Dapoli , Library General Stacks 13/10/2020 3000.00 1 007426 10/06/2022 08/06/2022 13/10/2020 Books
    Dewey Decimal Classification     College of Agricultural Engineering and Technology, Dapoli , Library College of Agricultural Engineering and Technology, Dapoli , Library Book Cart 10/08/2022 4995.00   007995 10/08/2022   10/08/2022 Books

Contact Us: College of Agricultural Engineering and Technology, Dapoli, Dist.- Ratnagiri
Website: https://dbskkv.org Email: caetlibrary2015@gmail.com